000
003040000a22001450004500
003
MACL
040
_a
MACL
090
_c
44399
_d
44397
100
_a
Garg, Bhuvan
245
_a
Teaching of History
260
_b
Rajat Publications
_c
2007
350
_a
500
650
_a
Education
942
_c
BOOK
_k
370/GAR
999
_c
43944
_d
43944